| 000 | 00952nam a2200121Ia 4500 | ||
|---|---|---|---|
| 008 | 220615s9999||||xx |||||||||||||| ||und|| | ||
| 100 | _aKlutz, Philipp | ||
| 245 | 0 |
_aReligious Education Faces the Challenge of Religious Plurality _bA Qualitative-Empirical Study in Vienna |
|
| 546 | _aEnglish[eng] | ||
| 650 | _areligious education||religious studies||relgious diversity||teacher||denominational religious education||Religionspädagogik||religiöse Vielfalt||religiöse Bildung||konfessioneller Religionsunterricht||Religionslehrer||schulinterner Diskurs||Austria||Catholic Church||Ethics||Islam||Multiculturalism||Muslims||Protestantism||Vienna | ||
| 856 | _uhttps://library.oapen.org/bitstream/20.500.12657/31320/1/631318.pdf||https://library.oapen.org/bitstream/20.500.12657/31320/1/631318.pdf||https://library.oapen.org/bitstream/20.500.12657/31320/1/631318.pdf||https://library.oapen.org/bitstream/20.500.12657/31320/1/631318.pdf | ||
| 942 | _cEB | ||
| 999 |
_c7623 _d7623 |
||